| 000 | 00437nam a22001697a 4500 | ||
|---|---|---|---|
| 003 | OSt | ||
| 005 | 20210906163112.0 | ||
| 008 | 210906b |||||||| |||| 00| 0 eng d | ||
| 020 | _a0-8385-5659-0 | ||
| 040 |
_aDDC _cHU |
||
| 082 |
_23RD _a344.730414 _b5 |
||
| 100 |
_aGINNY WACKER GUIDO _91855 |
||
| 245 | _aLEGAL AND ETHICAL ISSUES IN NURSING | ||
| 250 | _a3RD | ||
| 260 |
_aNEW JERSEY _bUPPER SADDLE RIVER _c2000 |
||
| 942 |
_2ddc _cBOOKS _n0 |
||
| 999 |
_c2258 _d2258 |
||